| 000 | 00000nam##2200000za#4500 |
| 001 | 9.636079 |
| 003 | CaOODSP |
| 005 | 20210624220552 |
| 007 | cr ||||||||||| |
| 008 | 150407|2005||||xxc|||||o f|0| 0 fre|d |
| 020 | |a978-1-896997-49-0 |
| 040 | |aCaOODSP|bfre |
| 043 | |an-cn--- |
| 086 | 1 |aEn108-4/41-2005F-PDF |
| 110 | 1 |aCanada.|bConseil canadien des ministres de l'environnement. |
| 245 | 10|aExamen quinquennal de la Stratégie pancanadienne sur les émissions acidifiantes après l'an 2000 |h[ressource électronique] |
| 260 | |bConseil canadien des ministres de l'environnement |cc2006. |
| 300 | |a27p.|btableaux |
| 500 | |a«Ministres de l'Énergie et de l'Environnement fédéraux, provinciaux et territoriaux, décembre 2005». |
| 590 | |a11-01-Supp|b2011-01-11 |
| 691 | 07|aPluies acides|2gcpds |
| 691 | 07|aQualité de l'air|2gcpds |
| 775 | 08|tFive-year review of the Canada-Wide Acid Rain Strategy for post-2000 |w(CaOODSP)9.691767 |
| 856 | 40|ahttp://publications.gc.ca|qPDF|s121 Ko|uhttps://publications.gc.ca/collections/collection_2010/ccme/En108-4-41-2005-fra.pdf |
| 986 | |aPN1354 |